000 005750000a22001930004500
005 20240315163959.0
008 230817t ||||| |||| 00| 0 eng d
020 _a9280615998
082 _a376
_bUNI
110 _aUNICEF, Programme Division, Education Section
245 _aStrategies to promote girls' education :
_bpolicies and programmes that work
260 _aNew York :
_bUNICEF,
_c1992
300 _aviii, 80 p. ; 22 cm
650 _aWomen Education
650 _aSex differences in education
700 _aRihani, May
700 _aPrather, Cynthia
942 _cRP
999 _c342
_d342